Kroky vraha /
Uloženo v:
| Série: | Josef Bergman,
část 1 |
|---|---|
| Hlavní autor: | |
| Další autoři: | , |
| Médium: | E-audiokniha |
| Jazyk: | Czech |
| Vydáno: |
Praha :
Motto,
[2017]
|
| Edice: | Česká detektivka (Motto)
|
| Témata: | |
| Příbuzné jednotky: | Z cyklu::
Josef Bergman |
| Tagy: |
Žádné tagy |
| LEADER | 03522nim a2200925 ia4500 | ||
|---|---|---|---|
| 001 | 313145 | ||
| 003 | CZ PrSKC | ||
| 005 | 20260601215736.0 | ||
| 007 | sd fungnnmmned | ||
| 008 | 170221t20172017xr nnnng f n cze | ||
| 015 | |a cnb002881598 | ||
| 024 | 3 | |a 8594050422575 | |
| 040 | |a ABA001 |b cze |e rda | ||
| 072 | 7 | |a 821.162.3-3 |x Česká próza |2 Konspekt | |
| 080 | |a 821.162.3-31 |2 MRF | ||
| 080 | |a (0:82-312.4) |2 MRF | ||
| 080 | |a (086.7)08 |2 MRF | ||
| 080 | |a (086.76) |2 MRF | ||
| 100 | 1 | |a Klevisová, Michaela, |d 1976- |7 xx0065727 |4 aut | |
| 245 | 1 | 0 | |a Kroky vraha / |c Michaela Klevisová |
| 264 | 1 | |a Praha : |b Motto, |c [2017] | |
| 264 | 4 | |c ©2017 | |
| 300 | |a 2 audiodisky (11 hod., 34 min.) ; |c 12 cm | ||
| 306 | |a 113400 | ||
| 336 | |a mluvené slovo |b spw |2 rdacontent | ||
| 337 | |a audio |b s |2 rdamedia | ||
| 338 | |a audiodisk |b sd |2 rdacarrier | ||
| 344 | |a digital |b optical |2 rda | ||
| 347 | |a audio soubor |b MP3 |2 rda | ||
| 490 | 1 | |a Česká detektivka | |
| 500 | |a Název z disku | ||
| 500 | |a Copyright Albatros Media | ||
| 500 | |a Nezkrácená audiokniha na mp3 CD | ||
| 508 | |a Režie Alexej Charvát | ||
| 511 | 0 | |a Čte Kristýna Kociánová | |
| 518 | |o Nahráno |d 2016 |p studio Svengali | ||
| 655 | 7 | |a české romány |7 fd133974 |2 czenas | |
| 655 | 7 | |a detektivní romány |7 fd132010 |2 czenas | |
| 655 | 7 | |a audioknihy |7 fd119452 |2 czenas | |
| 655 | 7 | |a kompaktní disky |7 fd201991 |2 czenas | |
| 700 | 1 | |a Charvát, Alexej, |d 1952- |7 xx0069489 |4 drt | |
| 700 | 1 | |a Kociánová, Kristýna, |d 1985- |7 xx0199445 |4 nrt | |
| 787 | 0 | 8 | |i Z cyklu: |t Josef Bergman |g 1 |
| 830 | 0 | |a Česká detektivka (Motto) | |
| 900 | |a ABA001 |b 18 | ||
| 044 | |a xr | ||
| 505 | 0 | 0 | |t 01_Prolog (17 min., 11 sek.) |
| 505 | 0 | 0 | |t 02_Kapitola 1 (17 min., 48 sek.) |
| 505 | 0 | 0 | |t 03_Kapitola 2 (28 min., 8 sek.) |
| 505 | 0 | 0 | |t 04_Kapitola 3 (20 min., 12 sek.) |
| 505 | 0 | 0 | |t 05_Kapitola 4 (19 min., 32 sek.) |
| 505 | 0 | 0 | |t 06_Kapitola 5 (20 min., 59 sek.) |
| 505 | 0 | 0 | |t 07_Kapitola 6 (22 min., 18 sek.) |
| 505 | 0 | 0 | |t 08_Kapitola 7 (41 min., 4 sek.) |
| 505 | 0 | 0 | |t 09_Kapitola 8 (21 min., 37 sek.) |
| 505 | 0 | 0 | |t 10_Kapitola 9 (17 min., 44 sek.) |
| 505 | 0 | 0 | |t 11_Kapitola 10 (17 min., 18 sek.) |
| 505 | 0 | 0 | |t 12_Kapitola 11 (38 min., 32 sek.) |
| 505 | 0 | 0 | |t 13_Kapitola 12 (23 min., 5 sek.) |
| 505 | 0 | 0 | |t 14_Kapitola 13 (38 min., 4 sek.) |
| 505 | 0 | 0 | |t 15_Kapitola 14 (16 min., 1 sek.) |
| 505 | 0 | 0 | |t 16_Kapitola 15 (18 min., 32 sek.) |
| 505 | 0 | 0 | |t 17_Kapitola 16 (28 min., 46 sek.) |
| 505 | 0 | 0 | |t 18_Kapitola 17 (30 min., 1 sek.) |
| 505 | 0 | 0 | |t 19_Kapitola 18 (23 min., 9 sek.) |
| 505 | 0 | 0 | |t 20_Kapitola 19 (31 min., 43 sek.) |
| 505 | 0 | 0 | |t 21_Kapitola 20 (24 min., 23 sek.) |
| 505 | 0 | 0 | |t 22_Kapitola 21 (29 min., 42 sek.) |
| 505 | 0 | 0 | |t 23_Kapitola 22 (24 min., 31 sek.) |
| 505 | 0 | 0 | |t 24_Kapitola 23 (26 min., 28 sek.) |
| 505 | 0 | 0 | |t 25_Kapitola 24 (30 min., 13 sek.) |
| 505 | 0 | 0 | |t 26_Kapitola 25 (35 min., 55 sek.) |
| 505 | 0 | 0 | |t 27_Kapitola 26 (22 min., 48 sek.) |
| 505 | 0 | 0 | |t 28_Kapitola 27 (25 min., 15 sek.) |
| 505 | 0 | 0 | |t 29_Kapitola 28 (18 min., 47 sek.) |
| 505 | 0 | 0 | |t 30_Kapitola 29 (43 min., 47 sek.) |
| 505 | 0 | 0 | |t 31_Kapitola 30 (5 min., 12 sek.) |
| 910 | |a RBIT002 | ||
| 998 | |d 362920 |a https://core.palmknihy.cz/api/books/362920/cover?sin7hh |b https://core.palmknihy.cz/api/books/362920/cover/400?sin7hh |c https://core.palmknihy.cz/api/books/362920/cover/50?sin7hh |e 2034-12-31 |i 8594050422575 |l 46800 |q 49 |r 1 |s https://www.palmknihy.cz/kniha/362920 |t audiobook |y 2022 |z 0 | ||
| 999 | |d 313143 | ||